[Event "Poltava-ch"]
[Site "Lubny"]
[Date "2011.02.24"]
[Round "8"]
[White "Shalimov, Valery"]
[Black "Shtanko, Dmitro"]
[Result "0-1"]
[WhiteElo "2415"]
[BlackElo "2358"]
[PlyCount "54"]
[EventDate "2011.02.19"]
[EventType "tourn"]
[EventRounds "11"]
[EventCountry "UKR"]
[EventCategory "2"]
[SourceTitle "CBM 141 Extra"]
[Source "ChessBase"]
[SourceDate "2011.05.03"]
[SourceVersion "1"]
[SourceVersionDate "2011.05.03"]
[SourceQuality "1"]

1. d4 Nf6 2. Nf3 d5 3. c4 e6 4. g3 dxc4 5. Bg2 Bb4+ 6. Bd2 Nd5 7. 0-0 Bxd2 8. Nbxd2 c3 9. bxc3 Nxc3 10. Qe1 b6 11. e4 Nb5 12. Qe3 Bb7 13. g4 0-0 14. a4 Nd6 15. e5 Nc8 16. h4 Ne7 17. Ne4 Nd5 18. Qd2 Nd7 19. Rfe1 Qe7 20. h5 Rad8 21. a5 f5 22. exf6 N5xf6 23. Neg5 Bd5 24. axb6 axb6 25. Nh2 e5 26. dxe5 Nxe5 27. Nhf3 Nfxg4 0-1

[Event "Poltava-ch"]
[Site "Lubny"]
[Date "2011.02.23"]
[Round "7"]
[White "Scherbov, Grigory"]
[Black "Shtanko, Dmitro"]
[Result "0-1"]
[WhiteElo "2322"]
[BlackElo "2358"]
[PlyCount "76"]
[EventDate "2011.02.19"]
[EventType "tourn"]
[EventRounds "11"]
[EventCountry "UKR"]
[EventCategory "2"]
[SourceTitle "CBM 141 Extra"]
[Source "ChessBase"]
[SourceDate "2011.05.03"]
[SourceVersion "1"]
[SourceVersionDate "2011.05.03"]
[SourceQuality "1"]

1. Nf3 Nf6 2. g3 c5 3. Bg2 d5 4. d4 Nc6 5. Nc3 cxd4 6. Nxd4 e5 7. Nxc6 bxc6 8. 0-0 Bd6 9. Na4 Ba6 10. Be3 Qa5 11. b3 0-0 12. Bd2 Qc7 13. Re1 h6 14. e3 Rad8 15. Bc3 Ne4 16. Bb2 f5 17. f3 Nf6 18. f4 Ne4 19. Bxe4 fxe4 20. Qh5 d4 21. f5 c5 22. c4 Qd7 23. Rf1 Rf6 24. Rae1 Bxc4 25. Nxc5 Bxc5 26. bxc4 dxe3 27. Re2 Qc7 28. Bc1 Rd3 29. Qg4 Qc6 30. Kg2 Bb6 31. Rc2 Qa4 32. Qe2 Bc5 33. g4 Rfd6 34. Kg3 Rd2 35. Rxd2 exd2 36. Bxd2 Qc2 37. Re1 Rxd2 38. Qxe4 Rd3+ 0-1

[Event "Myrhorod op"]
[Site "Myrhorod"]
[Date "2010.07.13"]
[Round "8"]
[White "Shtanko, Dmitro"]
[Black "Golubka, Petr"]
[Result "1/2-1/2"]
[WhiteElo "2332"]
[BlackElo "2362"]
[PlyCount "115"]
[EventDate "2010.07.09"]
[EventType "swiss"]
[EventRounds "9"]
[EventCountry "UKR"]
[SourceTitle "CBM 137 Extra"]
[Source "ChessBase"]
[SourceDate "2010.09.01"]
[SourceVersion "1"]
[SourceVersionDate "2010.09.01"]
[SourceQuality "1"]

1. e4 c5 2. c3 Nf6 3. e5 Nd5 4. d4 cxd4 5. cxd4 d6 6. Bc4 Nb6 7. Bb5+ Bd7 8. Bxd7+ Qxd7 9. Nf3 Nc6 10. 0-0 e6 11. Nc3 dxe5 12. dxe5 Qxd1 13. Rxd1 Bb4 14. Nb5 0-0 15. Bg5 h6 16. Bh4 Nd5 17. a3 a6 18. Nbd4 Nxd4 19. Rxd4 Bc5 20. Rc4 Bb6 21. Rac1 Bd8 22. Bxd8 Rfxd8 23. Kf1 Kf8 24. g3 Ke7 25. Nd4 Kd7 26. Nb3 b6 27. Rg4 g6 28. Rh4 h5 29. Rhc4 Rac8 30. Nd2 Rxc4 31. Rxc4 Rg8 32. h4 Rb8 33. Ne4 Ra8 34. Ke2 Rb8 35. Kd3 Rf8 36. Ng5 Ke7 37. b4 Rd8 38. Kc2 Rf8 39. Kb3 Ra8 40. Nf3 Kd7 41. Nd4 Ne7 42. Rc3 Rb8 43. a4 Ra8 44. a5 bxa5 45. bxa5 Rb8+ 46. Ka3 Rb1 47. Rb3 Ra1+ 48. Kb2 Ra4 49. Rb7+ Kd8 50. Nb3 Nc6 51. Rxf7 Nxe5 52. Ra7 Nd3+ 53. Kc2 Nxf2 54. Rxa6 Rc4+ 55. Kd2 Ne4+ 56. Kd3 Rc3+ 57. Kxe4 Rxb3 58. Rxe6 1/2-1/2

[Event "Myrhorod op"]
[Site "Myrhorod"]
[Date "2010.07.09"]
[Round "1"]
[White "Shtanko, Dmitro"]
[Black "Rybakov, Sergey1111"]
[Result "1-0"]
[WhiteElo "2332"]
[BlackElo "2180"]
[PlyCount "59"]
[EventDate "2010.07.09"]
[EventType "swiss"]
[EventRounds "9"]
[EventCountry "UKR"]
[SourceTitle "CBM 137 Extra"]
[Source "ChessBase"]
[SourceDate "2010.09.01"]
[SourceVersion "1"]
[SourceVersionDate "2010.09.01"]
[SourceQuality "1"]

1. e4 c5 2. Nf3 Nc6 3. c3 d5 4. exd5 Qxd5 5. d4 Bg4 6. Be2 e6 7. 0-0 Nf6 8. Be3 cxd4 9. cxd4 Be7 10. Nc3 Qa5 11. h3 Bh5 12. a3 0-0 13. Qb3 Rfc8 14. g4 Bg6 15. Qxb7 Rab8 16. Qa6 Qd8 17. Ne5 Nxe5 18. dxe5 Nd7 19. Rfd1 Rxb2 20. Na4 Rxe2 21. Qxe2 Bc2 22. Rd4 Bxa4 23. Rxa4 Nxe5 24. Rd1 Qf8 25. Bg5 Bxg5 26. Qxe5 Be7 27. Rxa7 Ra8 28. Rdd7 Bxa3 29. Qa5 Bb4 30. Qxb4 1-0

[Event "Poltava op"]
[Site "Poltava"]
[Date "2009.12.09"]
[Round "6"]
[White "Shtanko, Dmitro"]
[Black "Romaniv, Dmytro"]
[Result "1-0"]
[WhiteElo "2346"]
[BlackElo "2131"]
[PlyCount "141"]
[EventDate "2009.12.04"]
[EventType "swiss"]
[EventRounds "9"]
[EventCountry "UKR"]
[SourceTitle "CBM 133 Extra"]
[Source "ChessBase"]
[SourceDate "2010.01.05"]
[SourceVersion "1"]
[SourceVersionDate "2010.01.05"]
[SourceQuality "1"]

1. d4 d5 2. c4 c6 3. Nc3 Nf6 4. Nf3 dxc4 5. a4 Bf5 6. e3 e6 7. Bxc4 Bb4 8. 0-0 0-0 9. Bd2 Nbd7 10. Ne2 Qe7 11. Ng3 Bg4 12. Qb3 Bxd2 13. Nxd2 Nb6 14. Bd3 e5 15. a5 Nbd5 16. h3 Bc8 17. dxe5 Qxe5 18. Nf3 Qc7 19. Ne4 Qe7 20. Nxf6+ Qxf6 21. Rfc1 Rb8 22. Be4 Be6 23. Nd4 a6 24. Nxe6 fxe6 25. Rc2 Qe5 26. Ra4 Rf7 27. g3 Rbf8 28. Bg2 Nf6 29. Rb4 Qd6 30. Rd4 Qe7 31. Rcd2 e5 32. Rd6 Qc7 33. Qb4 Re7 34. Qc4+ Kh8 35. b4 Rfe8 36. g4 e4 37. g5 Nd5 38. Qc5 Qc8 39. b5 axb5 40. a6 Rc7 41. axb7 Qxb7 42. Bxe4 Qc8 43. Bg2 Ne7 44. Rc2 Rd8 45. Rcd2 Rxd6 46. Rxd6 Qe8 47. Qe5 c5 48. Rb6 Rd7 49. Rb8 Rd8 50. Rxd8 Qxd8 51. Qxc5 Qd7 52. Bf1 Ng6 53. Qxb5 Qd8 54. Bg2 Nh4 55. Qd5 Qxd5 56. Bxd5 Nf5 57. Kg2 g6 58. Kf3 Ne7 59. Ke4 Kg7 60. Ke5 Nf5 61. Be4 Ne7 62. Ke6 Nc8 63. f4 Nb6 64. Bd5 Na4 65. Ke7 Nc3 66. e4 h6 67. h4 h5 68. Bc6 Ne2 69. f5 gxf5 70. exf5 Nf4 71. Be4 1-0

[Event "Poltava op"]
[Site "Poltava"]
[Date "2009.12.05"]
[Round "3"]
[White "Shtanko, Dmitro"]
[Black "Petrova, Irina"]
[Result "1-0"]
[WhiteElo "2346"]
[BlackElo "1987"]
[PlyCount "71"]
[EventDate "2009.12.04"]
[EventType "swiss"]
[EventRounds "9"]
[EventCountry "UKR"]
[SourceTitle "CBM 133 Extra"]
[Source "ChessBase"]
[SourceDate "2010.01.05"]
[SourceVersion "1"]
[SourceVersionDate "2010.01.05"]
[SourceQuality "1"]

1. d4 Nf6 2. Nf3 g6 3. Bf4 c5 4. c3 Qb6 5. Qb3 Bg7 6. Nbd2 d5 7. e3 0-0 8. Be2 Bg4 9. dxc5 Qc6 10. Ne5 Qc8 11. Nxg4 Nxg4 12. Qxd5 Nf6 13. Qc4 Nbd7 14. b4 e6 15. Bd6 Re8 16. 0-0 Nd5 17. Rac1 a6 18. Bf3 Ne7 19. Nb3 Ne5 20. Bxe5 Bxe5 21. Na5 Rb8 22. Qe4 Qc7 23. Nxb7 Bxh2+ 24. Kh1 Nd5 25. Na5 Be5 26. Nc6 Qxc6 27. Qxe5 Qc7 28. Qxc7 Nxc7 29. Rfd1 e5 30. Rd7 Ne6 31. Bd5 Kf8 32. Rd1 Nd8 33. c6 Rc8 34. c7 Ne6 35. Bxe6 fxe6 36. Rxh7 1-0

[Event "UKR-ch"]
[Site "Alushta"]
[Date "2009.05.15"]
[Round "5"]
[White "Shtanko, Dmitro"]
[Black "Kislinsky, Alexey"]
[Result "1-0"]
[WhiteElo "2311"]
[BlackElo "2455"]
[PlyCount "83"]
[EventDate "2009.05.11"]
[EventType "swiss"]
[EventRounds "9"]
[EventCountry "UKR"]
[SourceTitle "CBM 130 Extra"]
[Source "ChessBase"]
[SourceDate "2009.07.02"]
[SourceVersion "2"]
[SourceVersionDate "2009.07.15"]
[SourceQuality "1"]

1. d4 Nf6 2. c4 c5 3. d5 b5 4. cxb5 a6 5. b6 Bb7 6. Nc3 e6 7. e4 exd5 8. exd5 d6 9. a4 a5 10. Bg5 Be7 11. Bb5+ Nbd7 12. Bxf6 Bxf6 13. Qg4 h5 14. Qh3 Bxc3+ 15. bxc3 Bxd5 16. 0-0-0 Be6 17. Qg3 0-0 18. Rxd6 Qe7 19. Nf3 Nf6 20. Ng5 Bf5 21. Rhd1 c4 22. Qe3 Qxe3+ 23. fxe3 Bd3 24. R1xd3 cxd3 25. c4 Rac8 26. Rc6 Rcd8 27. Kd2 Ng4 28. Ne4 f5 29. Nd6 Nf2 30. c5 Ne4+ 31. Nxe4 fxe4 32. Rd6 Rf2+ 33. Kc3 Rc2+ 34. Kb3 Rf8 35. Bc4+ Kh7 36. Rxd3 Rff2 37. Rd1 Rb2+ 38. Ka3 Rb4 39. Rc1 Kh6 40. Bb3 Re2 41. Rc3 Rd2 42. Rc4 1-0

[Event "UKR-ch 77th"]
[Site "Poltava"]
[Date "2008.12.10"]
[Round "9"]
[White "Shtanko, Dmitro"]
[Black "Sitnikov, Anton"]
[Result "0-1"]
[WhiteElo "2301"]
[BlackElo "2480"]
[PlyCount "58"]
[EventDate "2008.12.02"]
[EventType "swiss"]
[EventRounds "9"]
[EventCountry "UKR"]
[SourceTitle "CBM 127 Extra"]
[Source "ChessBase"]
[SourceDate "2009.01.08"]
[SourceVersion "2"]
[SourceVersionDate "2009.01.28"]
[SourceQuality "1"]

1. e4 e5 2. Nf3 d6 3. d4 exd4 4. Nxd4 Nf6 5. Nc3 Be7 6. Bc4 0-0 7. 0-0 a6 8. a4 Nc6 9. Re1 Nb4 10. Bf4 c5 11. Nf3 Bg4 12. Rc1 Qd7 13. e5 dxe5 14. Nxe5 Qf5 15. Qd2 Rad8 16. Qe3 Rd4 17. Nxg4 Nxg4 18. Qxe7 Qxf4 19. Ne4 Nc6 20. g3 Qh6 21. Qh4 Qxh4 22. gxh4 Rxc4 23. c3 Nce5 24. Nd2 Rxa4 25. h3 Nxf2 26. Kxf2 Nd3+ 27. Kg3 Nxc1 28. Rxc1 Rd8 29. Re1 Kf8 0-1

[Event "Ilichevsk Sunny Pawn op"]
[Site "Ilichevsk"]
[Date "2006.07.31"]
[Round "11"]
[White "Neschetny, Viktor"]
[Black "Shtanko, Dmitro"]
[Result "1-0"]
[WhiteElo "2115"]
[BlackElo "2236"]
[PlyCount "137"]
[EventDate "2006.07.20"]
[EventType "swiss"]
[EventRounds "11"]
[EventCountry "UKR"]
[SourceTitle "CBM 113 Extra"]
[Source "ChessBase"]
[SourceDate "2006.09.14"]
[SourceVersion "1"]
[SourceVersionDate "2006.09.14"]
[SourceQuality "1"]

1. e4 e5 2. Nf3 Nf6 3. d4 d6 4. dxe5 Nxe4 5. Qd5 f5 6. Bc4 Qd7 7. e6 Qe7 8. Qxf5 Nf6 9. Bg5 c6 10. Nc3 h6 11. Qg6+ Kd8 12. Bxf6 Qxf6 13. Qxf6+ gxf6 14. 0-0-0 Be7 15. Nh4 b5 16. Nxb5 cxb5 17. Bd5 Nc6 18. Bxc6 Rb8 19. Rhe1 Rb6 20. Bd5 Rg8 21. Nf5 h5 22. Re3 Rg5 23. Nh6 Ke8 24. Rc3 Rb8 25. Nf7 Rxd5 26. Rxc8+ Rxc8 27. Rxd5 Rc5 28. Rxc5 dxc5 29. Nh6 Bd6 30. g3 c4 31. Nf5 Bc5 32. f3 Bf2 33. Kd2 a5 34. b3 cxb3 35. cxb3 Kd8 36. Kd3 Kc7 37. Ke4 Kc6 38. Ng7 Kd6 39. Kf5 Ke7 40. Nxh5 Bd4 41. Nf4 Kd6 42. Ng6 a4 43. h4 axb3 44. axb3 Bc5 45. e7 Kd7 46. Kxf6 Ke8 47. Ke6 b4 48. h5 Be3 49. g4 Bf4 50. Kf5 Bh6 51. g5 Bg7 52. h6 Bd4 53. h7 Bg7 54. h8R+ Bxh8 55. Nxh8 Kxe7 56. Ke5 Kf8 57. Ke6 Kg7 58. f4 Kg8 59. f5 Kg7 60. f6+ Kg8 61. g6 Kxh8 62. f7 Kg7 63. Ke7 Kxg6 64. f8Q Kg5 65. Qf3 Kg6 66. Qf4 Kg7 67. Qg5+ Kh8 68. Kf7 Kh7 69. Qh5# 1-0

[Event "Evpatoria tt U20"]
[Site "Evpatoria"]
[Date "2006.05.05"]
[Round "1"]
[White "Shtanko, Dmitro"]
[Black "Pavlov, Sergey1111"]
[Result "1/2-1/2"]
[WhiteElo "2320"]
[BlackElo "2003"]
[PlyCount "60"]
[EventDate "2006.05.05"]
[EventType "team"]
[EventRounds "7"]
[EventCountry "UKR"]
[SourceTitle "CBM 112 Extra"]
[Source "ChessBase"]
[SourceDate "2006.07.14"]
[SourceVersion "1"]
[SourceVersionDate "2006.07.14"]
[SourceQuality "1"]

1. e4 c5 2. c3 Nf6 3. e5 Nd5 4. d4 cxd4 5. Nf3 e6 6. cxd4 b6 7. a3 Bb7 8. Bd3 Be7 9. 0-0 d6 10. Bd2 Nd7 11. Nc3 Nxc3 12. Bxc3 0-0 13. Qe2 dxe5 14. dxe5 Nc5 15. Bc4 Na4 16. Bb4 Bxf3 17. Qxf3 Nxb2 18. Ba6 Bxb4 19. axb4 Qd4 20. Rfb1 Nc4 21. Rd1 Nd2 22. Qe2 Rad8 23. Bb7 Qxb4 24. Rxa7 Rd7 25. Qa6 Rfd8 26. g3 Qa5 27. Qxa5 bxa5 28. Rxa5 g6 29. Bc6 Rd4 30. Kg2 Nb3 1/2-1/2